| 000 | 00503nam a2200181Ia 4500 | ||
|---|---|---|---|
| 008 | 240925s9999 xx 000 0 und d | ||
| 020 | _a8170296889 | ||
| 082 | _a006.62 MIN | ||
| 100 | _aMinasi, Mark | ||
| 245 | 4 | _aThe Complete PC Upgrade and Maintenance Guide | |
| 250 | _a4th | ||
| 260 |
_aNew Delhi: _bBPB Publication _c,1996. |
||
| 300 |
_a45p. _bNA _fOriginal |
||
| 500 | _aIncludes Index | ||
| 600 | _aComputer Science | ||
| 650 | _aComputer science, information & general works | ||
| 942 | _cBK | ||
| 999 |
_c3583 _d3583 |
||